[Event "London Classic op U2050-B 11th"]
[Site "London"]
[Date "2019.12.06"]
[Round "5"]
[White "Gribben, Chris"]
[Black "Valjee, Ashir"]
[Result "1-0"]
[WhiteElo "1565"]
[BlackElo "1507"]
[PlyCount "66"]
[EventDate "2019.12.02"]
[EventType "swiss"]
[EventRounds "5"]
[EventCountry "ENG"]
[SourceTitle "CBM 195 Extra"]
[Source "ChessBase"]
[SourceDate "2020.05.31"]
[SourceVersion "1"]
[SourceVersionDate "2020.05.31"]
[SourceQuality "1"]

1. e4 e5 2. Nf3 f5 3. d3 Nc6 4. Nc3 Nf6 5. Bg5 Bb4 6. a3 Bxc3+ 7. bxc3 0-0 8. Qe2 d6 9. g3 fxe4 10. dxe4 Qe8 11. Bg2 Qh5 12. h3 Kh8 13. g4 Qg6 14. Bxf6 Rxf6 15. Nh4 Qf7 16. Nf5 Be6 17. Qe3 Na5 18. g5 Nc4 19. Qc1 Rg6 20. Nh4 Rf8 21. Nxg6+ Qxg6 22. h4 c6 23. Qd1 d5 24. Qe2 Rf4 25. f3 dxe4 26. fxe4 b5 27. Rd1 Bg8 28. Rd8 Nd6 29. Rf1 Qf7 30. Rxd6 Qa2 31. Rxf4 exf4 32. Rxc6 Qa1+ 33. Kf2 Qxc3 1-0